| 000 | 00506nam a2200181Ia 4500 | ||
|---|---|---|---|
| 999 |
_c1440 _d1440 |
||
| 003 | OSt | ||
| 005 | 20200928103723.0 | ||
| 008 | 190216s9999||||xx |||||||||||||| ||und|| | ||
| 040 | _coclc | ||
| 082 |
_a574.192 _bSRI/E |
||
| 100 |
_aSrivastava, H S _95044 |
||
| 245 | 0 |
_aElements Of Biochemistry / _cH S Srivastava |
|
| 250 | _a1st Ed. | ||
| 260 |
_bRasthogi Publications, _c1997. _aMeerut: |
||
| 300 | _a206p | ||
| 650 | _aBotany | ||
| 942 |
_cBK _2ddc _h574.192 _iSRI/E _k574.192 _mSRI/E |
||